Дело о последовавшем высочайшем повелении на предоставление вдове покойного композитора Серова полного сбора с юбилейного спекта...

Доступно только в Электронных читальных залах Найти на картеНа карте
RUSMARC
00004421nmc2a22002653x 450
001855432f3-272e-4aed-8ed6-523d4f7fb489
00520201008234357.0
100##$a20200312l18951895k l0rusy0189 ca
1010#$arus
102##$aRU
105##$ay###
1220#$ad
2001#$aДело о последовавшем высочайшем повелении на предоставление вдове покойного композитора Серова полного сбора с юбилейного спектакля оперы "Вражья сила", права на издание оркестровой партитуры оперы "Юдифь"
$j10 ноября 1895 г.
215##$a3 л.
$d36,5х26 см
251##$cДело
300##$aНа бланке обложки указано: "Дело Санкт-Петербургской конторы императорских театров"
300##$aОриг. заголовок дела: Дело о последовавшем высочайшем повелении на предоставление вдове покойного композитора Серова полного сбора с юбилейного спектакля оперы "Вражья сила" на издание оркестровой партитуры оперы "Юдифь". 10 ноября 1895 г
371##$aДокумент не является опубликованным и широко распространяемым
461#0$10019264ebf8-de62-4f1a-9eb4-9f22098dbbd5
$12001
$aДирекция императорских театров МИДв
$1251
$cФонд
$1852
$j497
462#0$10016d2858c7-947f-46a8-934e-c3d97596ebca
$12001
$aДирекция императорских театров (1879-1918 гг.)
$1251
$cОпись
$1852
$j6
5171#$aДело о последовавшем высочайшем повелении на предоставление вдове покойного композитора Серова полного сбора с юбилейного спектакля оперы "Вражья сила" на издание оркестровой партитуры оперы "Юдифь". 10 ноября 1895 г
801#0$aRU
$bРГИА
$c20200312
$gRCR
801#1$aRU
$bГлавНИВЦ
$c20200312
$2rusmarc
801#2$aRU
$bПБ им. Б.Н. Ельцина
$c20201008
$gRCR
$2rusmarc
850##$aРГИА
852##$aРГИА
$eФедеральное казенное учреждение "Российский государственный исторический архив" (РГИА)
$j4366
937##$hРГИА
$d12338948
$aASBIBLIO_SCAN
035##$aRusGRCC00001844
856##$uhttp://readingroom.main.prlib.ru/item.aspx?id_node=n147945844&mode=full
Формат отображения